Huellas españolas: Impresiones de un viaje por América
Sábháilte in:
| Príomhchruthaitheoir: | |
|---|---|
| Formáid: | LEABHAR |
| Teanga: | Spáinnis |
| Foilsithe / Cruthaithe: |
Madrid
América
1922
|
| Eagrán: | 1a. ed |
| Ábhair: | |
| Clibeanna: |
Cuir clib leis
Níl clibeanna ann, Bí ar an gcéad duine le clib a chur leis an taifead seo!
|
MARC
| LEADER | 00000nam a2200000 a 4500 | ||
|---|---|---|---|
| 001 | UCJ5360 | ||
| 003 | CL-VaPUC | ||
| 008 | 070124e19220000SP |||||||||||||||||spa|d | ||
| 082 | 0 | 4 | |a 910.4 |b ROD |2 21 |
| 100 | 0 | |a Rodríguez, José Francos |e author |9 510463 | |
| 245 | 1 | 0 | |a Huellas españolas: Impresiones de un viaje por América |
| 250 | |a 1a. ed | ||
| 300 | |a 366 p | ||
| 942 | |c BK | ||
| 945 | |d 20070124 00:00:00 |a rinostro | ||
| 260 | |a Madrid |b América |c 1922 | ||
| 650 | 0 | |a Viajes |9 257115 | |
| 650 | 0 | |a Historia |9 255047 | |
| 650 | 0 | |a Cultura |9 269059 | |
| 650 | 7 | |a INSTITUCIONES |2 CL-VaPUC |9 329701 | |
| 650 | 0 | |a Crítica literaria |9 269189 | |
| 651 | 7 | |a CHILE |2 CL-VaPUC |9 510464 | |
| 651 | 0 | |a Uruguay |9 255194 | |
| 651 | 7 | |a PANAMA |2 CL-VaPUC |9 257728 | |
| 651 | 0 | |a Uruguay |9 255194 | |
| 583 | |a last modification |c 20070124 00:00:00 |k Rodrigo Vera | ||
| 999 | |c 321469 |d 321467 | ||
| 952 | |0 0 |1 0 |4 0 |6 910_400000000000000_ROD_1922 |7 0 |8 X |9 400226 |a FDOBUD |b FDOBUD |d 2019-11-22 |i 1033689 |o 910.4 ROD 1922 |p 1033689 |r 2019-11-22 |w 2019-11-22 |y BK_X |k BUD | ||